000 00437nam a2200169Ia 4500
005 20240823042546.0
008 240823s9999||||xx |||||||||||||| ||und||
041 _aENGLISH
082 _A004.16 P5
100 _aValli D
245 0 _aAntennas and Propagation
250 _a1st
260 _c2005
_b"Lakshmi Publications,Nagapat"
500 _aTRANSFERED
650 _aAntennas and Propagation
_bAerospace Engineering
942 _cBK
999 _c208155
_d208155